| 000 | 00578nam a22002057a 4500 | ||
|---|---|---|---|
| 003 | OSt | ||
| 005 | 20140310181713.0 | ||
| 008 | 121211t xxu||||| |||| 00| 0 eng d | ||
| 020 | _a9717890366 | ||
| 050 |
_aPN 4121 _b.H689 1998 |
||
| 082 |
_aFIL 808.51 _bH66 1994 |
||
| 100 | _aHodgin, Michael | ||
| 245 |
_a1001 more humorous illustrations for public speaking / _cMichael Hodgin. |
||
| 260 |
_aValenzuela, MM : _bChristian Literature Crusade, _c1998. |
||
| 300 |
_a400 p. " _c19 cm. |
||
| 650 | _aPublic Speaking | ||
| 942 |
_2lcc _cBK |
||
| 999 |
_c1640 _d1640 |
||